|
|
|
|
| LEADER |
00000cam a2200000 a 4500 |
| 001 |
vtls011575494 |
| 003 |
SK-MaSNL |
| 005 |
20260301180708.0 |
| 008 |
200612s2016 xr oab g f 000 0 cze |
| 020 |
|
|
|a 9788074041877
|q (Česká televize ;
|q brožované)
|
| 020 |
|
|
|a 9788074480591
|q (Albatros Media ;
|q brožované)
|
| 040 |
|
|
|a SNK
|b slo
|c SNK
|e AACR2
|
| 041 |
0 |
|
|a cze
|
| 043 |
|
|
|a e-au---
|
| 044 |
|
|
|a xr
|c CZ
|
| 072 |
|
7 |
|a 913(4)
|x Geografia Európy, reálie, cestovanie
|2 konspekt
|
| 080 |
|
|
|a 913:338.483.1
|2 2011
|
| 080 |
|
|
|a (436)
|2 2011
|
| 080 |
|
|
|a (036)913
|2 2011
|
| 245 |
0 |
0 |
|a Rakousko
|b bedekr
|c [podle pořadu České televize a konceptu, vlatnĕného společností Rolling Media, s.r.o., sestavila Lenka Pipková]
|
| 246 |
3 |
0 |
|a Bedekr
|
| 246 |
1 |
4 |
|a Víkendové cestování nikdy nebylo tak zábavné!
|
| 260 |
|
|
|a V Praze
|b Česká televize
|b Albatros Media
|c 2016
|
| 300 |
|
|
|a 171 s.
|b fareb. fotogr., mp.
|c 21 cm
|
| 490 |
1 |
|
|a Edice ČT
|
| 500 |
|
|
|a Na obálke: Víkendové cestování nikdy nebylo tak zábavné!
|
| 650 |
0 |
7 |
|a turistické zaujímavosti
|2 SNKPH
|9 73869
|
| 650 |
0 |
7 |
|a Tourist sights
|2 SNKPHeng
|9 296885
|
| 651 |
|
7 |
|a Rakúsko
|2 SNKPHgeo
|9 18533
|
| 651 |
|
7 |
|a Austria
|2 SNKPHeng
|9 274392
|
| 655 |
|
7 |
|a turistickí sprievodcovia (publikácie)
|2 SNKPH
|9 191298
|
| 655 |
|
7 |
|a Tourist guides
|2 SNKPHeng
|9 274119
|
| 700 |
1 |
|
|a Pipková, Lenka,
|d 1981-
|4 com
|9 53943
|
| 752 |
|
|
|a Česko
|d Praha
|
| 830 |
|
0 |
|a Edice ČT
|9 503327
|
| 919 |
|
|
|a 978-80-7404-187-7 (Česká televize)
|
| 919 |
|
|
|a 978-80-7404-059-1 (albatros Media)
|
| 958 |
|
|
|a CZ
|
| 999 |
|
|
|c 847261
|d 849191
|
| 952 |
|
|
|t snkRAK 908.11.9
|a SNKUST
|b SNKUST
|y PREZ
|7 0
|p 17A1217658
|o snkIC 142887
|i snk2016/25817
|8 4
|g 9.09
|0 0
|1 0
|4 0
|d 2016-10-18
|l 0
|r 2025-05-28 00:00:00
|w 2026-02-24
|